La cualidad humana : (Registro nro. 245454)

Detalles MARC
000 -LEADER
fixed length control field 01763cam a2200433Ii 4500
001 - CONTROL NUMBER
control field DIGPASBAR0007
003 - CONTROL NUMBER IDENTIFIER
control field NyNyDIG
008 - FIXED-LENGTH DATA ELEMENTS--GENERAL INFORMATION
fixed length control field 161122s2014 sp ob 000 0 spa d
006 - FIXED-LENGTH DATA ELEMENTS--ADDITIONAL MATERIAL CHARACTERISTICS
fixed length control field m o d
007 - PHYSICAL DESCRIPTION FIXED FIELD--GENERAL INFORMATION
fixed length control field cr |||||||||||
035 ## - SYSTEM CONTROL NUMBER
System control number (OCoLC)956556803
040 ## - CATALOGING SOURCE
Original cataloging agency DGITA
Language of cataloging eng
Description conventions rda
-- pn
Transcribing agency DGITA
020 ## - INTERNATIONAL STANDARD BOOK NUMBER
Canceled/invalid ISBN 9780991276295
020 ## - INTERNATIONAL STANDARD BOOK NUMBER
Canceled/invalid ISBN 0991276299
041 1# - LANGUAGE CODE
Language code of text/sound track or separate title spa
Language code of original ita
050 14 - LIBRARY OF CONGRESS CALL NUMBER
Classification number BT613 ebook
082 04 - DEWEY DECIMAL CLASSIFICATION NUMBER
Classification number 232.91
Edition number 23
100 1# - MAIN ENTRY--PERSONAL NAME
Personal name Volpini, Angela,
Dates associated with a name 1940-
Relator term author.
240 10 - UNIFORM TITLE
Uniform title Nostra difficoltá a capire Maria.
Language of a work Spanish
245 13 - TITLE STATEMENT
Title La cualidad humana :
Remainder of title el deseo, la posibilidad infinita : un cristianismo para el futuro /
Statement of responsibility, etc. Ángela Volpini ; traducción de Bonifacio Cabrera.
250 ## - EDITION STATEMENT
Edition statement Primera edición.
264 #1 - PRODUCTION, PUBLICATION, DISTRIBUTION, MANUFACTURE, AND COPYRIGHT NOTICE
Place of production, publication, distribution, manufacture Barcelona, España :
Name of producer, publisher, distributor, manufacturer Paso de Barca,
Date of production, publication, distribution, manufacture, or copyright notice [2014]
300 ## - PHYSICAL DESCRIPTION
Extent 1 online resource.
336 ## - CONTENT TYPE
Content type term text
Content type code txt
Source rdacontent
337 ## - MEDIA TYPE
Media type term computer
Media type code c
Source rdamedia
338 ## - CARRIER TYPE
Carrier type term online resource
Carrier type code cr
Source rdacarrier
504 ## - BIBLIOGRAPHY, ETC. NOTE
Bibliography, etc. note Includes bibliographical references.
588 0# - SOURCE OF DESCRIPTION NOTE
Source of description note Online resource; title from PDF title page (Digitalia, viewed November 22, 2016).
600 00 - SUBJECT ADDED ENTRY--PERSONAL NAME
Personal name Mary,
Titles and other words associated with a name Blessed Virgin, Saint
General subdivision Theology.
655 #0 - INDEX TERM--GENRE/FORM
Genre/form data or focus term Electronic books.
700 1# - ADDED ENTRY--PERSONAL NAME
Personal name Cabrera, Bonifacio,
Relator term translator.
700 1# - ADDED ENTRY--PERSONAL NAME
Relationship information Translation of:
Personal name Volpini, Angela,
Dates associated with a name 1940-
Title of a work Nostra difficoltá a capire Maria.
791 2# -
-- Digitalia (Firm),
-- distributor.
793 0# -
-- Digitalia eBook Collection:
-- Paso de Barca
776 08 - ADDITIONAL PHYSICAL FORM ENTRY
Relationship information Printed version:
Main entry heading Volpini, Angela, 1940-
Uniform title Nostra difficoltá a capire Maria. Spanish.
Title Cualidad humana.
Place, publisher, and date of publication Barcelona, España : Paso de Barca, [2014]
International Standard Book Number 9780991276295
856 40 - ELECTRONIC LOCATION AND ACCESS
Materials specified Digitalia Hispánica
Uniform Resource Identifier <a href="https://www.digitaliapublishing.com/a/40245/">https://www.digitaliapublishing.com/a/40245/</a>
910 ## - USER-OPTION DATA (OCLC)
User-option data Premium Collection: 2016
942 ## - ADDED ENTRY ELEMENTS (KOHA)
Koha item type Recurso Electrónico
Existencias
Withdrawn status Lost status Damaged status Not for loan Collection Home library Current library Date acquired Total checkouts Date last seen Price effective from Koha item type
        Digitalia Ebooks Hispanica Biblioteca Digital UIN Biblioteca Digital UIN 04/25/2025   04/25/2025 04/25/2025 Recurso Electrónico

CONTACTO


NOSOTROS


SITIOS DE INTERES

coordinacion.biblioteca.biblioteca@unienlinea.mx Misión, Visión y Objetivos Bases de datos
Directorio Bibliotecas Digitales y Repositorios
Normatividad Revistas y artículos
Convenios interbibliotecarios
Boletines



Hecho en México. Universidad Insurgentes (UIN). Todos los derechos reservados 2024. Esta página y sus contenidos pueden ser reproducidos con fines no lucrativos, siempre y cuando no se mutile, se cite la fuente completa y su dirección electrónicas. De otra forma requiere permiso previo por escrito de la institución




2024 Copyright Universidad Insurgentes | www.bibliouin.com.mx